| 000 | 01186cas a22003257ar4500 | ||
|---|---|---|---|
| 005 | 20220329142318.0 | ||
| 008 | 000609d19761986es zr pernn 0 b0spa d | ||
| 010 | _a81488 | ||
| 011 | _a82460 | ||
| 022 | _a0210-332X | ||
| 035 | _a92956 | ||
| 245 | 0 | 0 |
_aComunicaciones I.N.I.A. Serie : _bEconomía y Sociología Agrarias _c/por Ministerio de Agricultura, Pesca y Alimentación |
| 260 | 0 |
_aMadrid, España : _bMinisterio de Agricultura, Pesca y Alimentación, _c1976-1986. |
|
| 300 | _av. | ||
| 310 | _aRegular | ||
| 362 | _an.18, 1985 | ||
| 500 | _aSe dejó de recibir a partir del n. 19 de 1986. | ||
| 590 |
_aBATCH-UPD _b10 _c20130110 _lUCH01 _h0624 |
||
| 590 |
_aBATCH-UPD _b10 _c20130410 _lUCH01 _h0307 |
||
| 590 |
_aBATCH-UPD _b10 _c20130410 _lUCH01 _h1631 |
||
| 590 |
_aBATCH-UPD _b10 _c20130914 _lUCH01 _h1232 |
||
| 590 |
_aCONVERSION _b10 _c20130109 _lUCH01 _h1345 |
||
| 650 | 1 | 4 |
_aEconomía _xPublicaciones periódicas. _935253 |
| 650 | 1 | 4 |
_aSociología _xPublicaciones periódicas. _9108207 |
| 785 | _tComunicaciones I.N.I.A. : Serie Economía 1986- | ||
| 866 | _an.1-4 (1976-1977) | ||
| 866 | _an.6-19 (1979-1986) | ||
| 901 | _aSE | ||
| 905 | _aLilia Sánchez G. | ||
| 999 |
_c81488 _d81488 |
||